000
00307nam a22001337a 4500
020
_a
81-8482-320-7
082
_a
823
_b
FER/F
100
_a
FERNANDES, LUIS
245
_a
FOLKTALES OF SOUTH INDIA
260
_a
MUMBAI
_b
AMAR CHITHRAKATHA
300
_a
72
650
_a
ENGLISH SHORT STORY
_z
MUMBAI
942
_c
BK
999
_c
3088
_d
3088